Premiers ministres français candidats à l'élection présidentielle - Statistiques

Statistiques générales
  • Ce quiz a été pris 13 413 fois
    7 623 depuis la dernière actualisation
  • Le résultat moyen est 6 sur 10
Statistiques - réponses
Année Score Candidat % Correct
1981 18,00% Jacques Chirac
97%
1969 44,47% Georges Pompidou
83%
1995 23,30% Lionel Jospin
80%
2017 20,01% François Fillon
79%
1995 18,58% Edouard Balladur
51%
2002 6,84% François Bayrou
40%
1974 15,11% Jacques Chaban-Delmas
38%
1981 1,66% Michel Debré
35%
1988 16,54% Raymond Barre
29%
1969 3,61% Michel Rocard
26%
Aucun quiz correspondant
Distribution des résultats
% des personnes avec chaque résultat
Percentile par nombre de réponses
Votre historique - résultats
Vous n’avez pas pris ce quiz depuis la dernière actualisation